Lieblingsobst der Deutschen - Statistiken

Allgemein
  • Dieses Quiz wurde 439 mal gespielt
  • Das Durchschnittsergebnis liegt bei 10 aus 14
Antwortstatistiken
Obstsorten % Korrekt
Äpfel
99%
Bananen
95%
Birnen
92%
Erdbeeren
90%
Orangen
87%
Himbeeren
83%
Melonen
66%
Weintrauben
66%
Zwetschgen
66%
Mangos
64%
Pfirsiche
63%
Ananas
61%
Marillen
43%
Feigen
19%
Keine übereinstimmenden Quizze gefunden
Verteilung der Resultate
Anzahl Personen mit jedem Resultat
Perzentil nach korrekt beantworteten Fragen
Ihre Resultats-Entwicklung
Sie haben dieses Quiz noch nicht gespielt